[Event "7. Lovsprings EMT Basis 3 1995"]
[Site "Ringsted"]
[Date "1995.03.24"]
[Round "3"]
[White "Hagen, Flemming"]
[Black "Larsen, Ole"]
[Result "0-1"]
[WhiteElo "1459"]
[BlackElo "1387"]
[PlyCount "66"]
[EventDate "1995.??.??"]

1. f4 e6 2. Nf3 b6 3. e3 Bb7 4. d3 Nf6 5. Be2 d5 6. O-O Bc5 7. Ne5 Nbd7 8. d4
Bd6 9. Bb5 c5 10. Qd3 a6 11. Bxd7+ Nxd7 12. c3 a5 13. Na3 Bxe5 14. fxe5 Ba6 15.
c4 dxc4 16. Nxc4 Nxe5 17. Qe4 Nxc4 18. Rf3 Qd5 19. Qg4 Rg8 20. b3 Nd6 21. Bb2
Be2 22. Rc1 Bxf3 23. gxf3 Rc8 24. e4 Qb7 25. Qf4 Qe7 26. e5 Nf5 27. Kf2 Qh4+
28. Qxh4 Nxh4 29. Ba3 Ng6 30. Ke2 Kd7 31. Kd3 cxd4 32. Kxd4 Rxc1 33. Bxc1 Rc8
0-1

[Event "7. Lovsprings EMT Basis 3 1995"]
[Site "Ringsted"]
[Date "1995.03.24"]
[Round "3"]
[White "Hansen, Steen"]
[Black "Jensen, Finn Anker"]
[Result "0-1"]
[WhiteElo "1351"]
[BlackElo "1269"]
[PlyCount "84"]
[EventDate "1995.??.??"]

1. e4 d5 2. exd5 Qxd5 3. Nc3 Qa5 4. d4 Nf6 5. Bd2 c6 6. Bc4 Bf5 7. Nf3 Nbd7 8.
O-O e6 9. a3 Qc7 10. h3 Nb6 11. Bb3 Nbd5 12. Re1 Be7 13. Ne5 O-O 14. Rc1 Nxc3
15. Bxc3 Ne4 16. Qf3 Nxc3 17. Qxc3 Rad8 18. Rcd1 a5 19. Nc4 b6 20. Ne3 Bg6 21.
Ng4 Bh5 22. Rd3 Bxg4 23. hxg4 Bf6 24. Qd2 c5 25. Ba2 Bxd4 26. c3 Bf6 27. Rd1
Rxd3 28. Qxd3 Rd8 29. Qf3 Rxd1+ 30. Qxd1 Qd8 31. Qe2 Bg5 32. Qf3 Bc1 33. b4
Bxa3 34. bxc5 Bxc5 35. Qe2 g6 36. g3 Qg5 37. Qd1 Qe5 38. Kh2 Bxf2 39. Qf3 Be1
40. Kh3 Qxc3 41. Qa8+ Kg7 42. Qg2 Qd2 0-1

[Event "7. Lovsprings EMT Basis 3 1995"]
[Site "Ringsted"]
[Date "1995.03.24"]
[Round "3"]
[White "Jorgensen, Morten"]
[Black "Svava, Mogens"]
[Result "1/2-1/2"]
[WhiteElo "1251"]
[BlackElo "1518"]
[PlyCount "77"]
[EventDate "1995.??.??"]

1. d4 d5 2. c4 c6 3. cxd5 cxd5 4. Nc3 e6 5. Bf4 Bd6 6. Bxd6 Qxd6 7. Nf3 Nf6 8.
e3 O-O 9. Bd3 a6 10. a3 Rd8 11. O-O Bd7 12. Qc2 Be8 13. e4 dxe4 14. Nxe4 Nxe4
15. Bxe4 Nc6 16. Rfd1 g6 17. d5 exd5 18. Bxd5 Qf6 19. Qb3 Rab8 20. Rd2 Ne7 21.
Rad1 Nxd5 22. Rxd5 Bc6 23. Rxd8+ Rxd8 24. Rxd8+ Qxd8 25. h3 Qa5 26. Qc3 Qxc3
27. bxc3 Bxf3 28. gxf3 f5 29. Kg2 f4 30. Kf1 Kf7 31. Ke2 Ke6 32. Kd3 Kd5 33.
c4+ Kc5 34. Kc3 g5 35. Kd3 h6 36. Kc3 a5 37. Kd3 b5 38. cxb5 Kxb5 39. Kc3
1/2-1/2

[Event "7. Lovsprings EMT Basis 3 1995"]
[Site "Ringsted"]
[Date "1995.03.24"]
[Round "3"]
[White "Krag Jacobsen, Alan"]
[Black "Hansen, Ole"]
[Result "1/2-1/2"]
[WhiteElo "1247"]
[BlackElo "1457"]
[PlyCount "135"]
[EventDate "1995.??.??"]

1. c4 c6 2. Nc3 d5 3. cxd5 cxd5 4. e3 Nf6 5. d4 Nc6 6. Nf3 Bg4 7. Be2 e6 8. a3
a6 9. O-O Bd6 10. Nd2 Bxe2 11. Qxe2 h5 12. f4 Ne7 13. Nf3 Nf5 14. Bd2 Ng4 15.
Nd1 Qe7 16. Rc1 Bc7 17. Nf2 Bb6 18. Rc2 f6 19. Rfc1 Kf7 20. Qe1 g5 21. fxg5
fxg5 22. Nxg4 hxg4 23. Ne5+ Kg7 24. Nxg4 Rh4 25. Qe2 Rah8 26. g3 Rh3 27. Rf1
Qf7 28. Rf2 Qh5 29. Bc1 Rxg3+ 30. Rg2 Rxg2+ 31. Qxg2 Nd6 32. Qg3 Nf7 33. Rf2
Rc8 34. Bd2 Bc7 35. Qf3 Qg6 36. Qf6+ Qxf6 37. Nxf6 Rh8 38. Ng4 Nd6 39. Ne5 Rf8
40. Rg2 Ne4 41. Nd3 Nxd2 42. Rxd2 Rf3 43. Re2 Rh3 44. Nc5 Kf6 45. Nxb7 e5 46.
Rf2+ Kg6 47. dxe5 Bxe5 48. Re2 Rh8 49. Nc5 a5 50. Nd3 Bf6 51. Rc2 Rb8 52. Rc5
d4 53. e4 Rb3 54. Nf2 d3 55. e5 Bd8 56. Rd5 Bb6 57. Rd6+ Kf7 58. Kf1 Bxf2 59.
Kxf2 Rxb2+ 60. Ke3 Rxh2 61. Kxd3 Rh3+ 62. Ke4 Rxa3 63. Kf5 Re3 64. Rd5 a4 65.
Ra5 a3 66. e6+ Rxe6 67. Rxa3 Rg6 68. Rg3 1/2-1/2

[Event "7. Lovsprings EMT Basis 3 1995"]
[Site "Ringsted"]
[Date "1995.03.24"]
[Round "3"]
[White "Kristensen, Benny"]
[Black "Brogger, Jesper"]
[Result "0-1"]
[WhiteElo "1385"]
[BlackElo "1502"]
[PlyCount "40"]
[EventDate "1995.??.??"]

1. e4 e6 2. d4 d5 3. exd5 exd5 4. Bd3 Bd6 5. Nf3 Bg4 6. O-O Nd7 7. Re1+ Ne7 8.
Bg5 f6 9. Bh4 Nf8 10. Nbd2 Qd7 11. c3 Nfg6 12. Bg3 O-O-O 13. b4 h5 14. Bxd6
Qxd6 15. h3 Nf4 16. Bf1 Bd7 17. Nb3 g5 18. Nc5 g4 19. hxg4 hxg4 20. Nh2 Ne2+
0-1

[Event "7. Lovsprings EMT Basis 3 1995"]
[Site "Ringsted"]
[Date "1995.03.24"]
[Round "3"]
[White "Petersen, Torben William"]
[Black "Hansen, Per"]
[Result "0-1"]
[WhiteElo "1305"]
[BlackElo "1300"]
[PlyCount "92"]
[EventDate "1995.??.??"]

1. d4 Nf6 2. Nf3 d5 3. e3 Bd7 4. Bd3 Nc6 5. c3 e6 6. Nbd2 Bd6 7. O-O Qe7 8. e4
dxe4 9. Nxe4 Nxe4 10. Bxe4 O-O-O 11. c4 Qe8 12. c5 Be7 13. Qa4 a6 14. Qa3 h6
15. b4 Na7 16. Ne5 Bb5 17. Rd1 f6 18. Ng6 Rg8 19. Qf3 Bc6 20. Nxe7+ Qxe7 21. d5
exd5 22. Bf5+ Kb8 23. Bf4 g5 24. Re1 Qg7 25. Bg3 Nb5 26. Qd3 h5 27. a4 h4 28.
Bxc7+ Nxc7 29. b5 axb5 30. axb5 Nxb5 31. Qd2 b6 32. Re6 Qb7 33. cxb6 Rd6 34.
Rxd6 Nxd6 35. Bd3 Nc4 36. Qb4 Qxb6 37. Qe7 Ne5 38. Qd6+ Qc7 39. Rb1+ Bb7 40.
Qe6 Rc8 41. Rxb7+ Qxb7 42. Qd6+ Ka8 43. Qa3+ Qa7 44. Qd6 Nxd3 45. Qxd5+ Kb8 46.
Qd6+ Qc7 0-1

[Event "7. Lovsprings EMT Basis 3 1995"]
[Site "Ringsted"]
[Date "1995.03.31"]
[Round "4"]
[White "Frederiksen, Jesper"]
[Black "Andersson, Martin"]
[Result "1-0"]
[WhiteElo "1502"]
[BlackElo "1384"]
[PlyCount "85"]
[EventDate "1995.??.??"]

1. c4 Nf6 2. Nc3 g6 3. d4 Bg7 4. e4 d6 5. f3 O-O 6. Be3 c5 7. dxc5 dxc5 8. Qxd8
Rxd8 9. Bxc5 Nc6 10. Rb1 b6 11. Be3 Nb4 12. Rd1 Nc2+ 13. Kf2 Rxd1 14. Nxd1 Ba6
15. Bc1 Rd8 16. Nc3 Ne8 17. Nge2 Bxc4 18. Nf4 Bd4+ 19. Kg3 Bxc3 20. bxc3 Bxa2
21. Bd3 Na1 22. Ba3 Nb3 23. Bxe7 Rc8 24. Nd5 Nc7 25. Nb4 Nc5 26. Bxc5 bxc5 27.
Nxa2 a5 28. Rb1 Rd8 29. Nc1 a4 30. Ra1 Ra8 31. Ra3 Ra5 32. c4 Na8 33. Ne2 Nb6
34. Nc3 Kg7 35. Nd5 Nd7 36. f4 Ra6 37. Bc2 Nb6 38. Nxb6 Rxb6 39. Bxa4 Rb4 40.
Bb5 Kf6 41. e5+ Kf5 42. Kf3 g5 43. g4+ 1-0

[Event "7. Lovsprings EMT Basis 3 1995"]
[Site "Ringsted"]
[Date "1995.03.31"]
[Round "4"]
[White "Hansen, Ole"]
[Black "Danielsen, Laurits"]
[Result "1-0"]
[WhiteElo "1457"]
[BlackElo "1211"]
[PlyCount "65"]
[EventDate "1995.??.??"]

1. d4 Nf6 2. c4 e6 3. Bg5 Be7 4. Nc3 d5 5. e3 c6 6. Nf3 Nbd7 7. cxd5 exd5 8.
Bd3 h6 9. Bh4 b5 10. Qc2 Nh5 11. Bxe7 Qxe7 12. h4 Nf4 13. O-O-O Nxd3+ 14. Qxd3
O-O 15. g4 Nf6 16. g5 Ng4 17. Qc2 Qd6 18. gxh6 Nxh6 19. Rdg1 Bf5 20. Qd2 a5 21.
Rg2 a4 22. Rhg1 Kh8 23. Rxg7 Rg8 24. Rxg8+ Rxg8 25. Rxg8+ Kxg8 26. Ne2 Ng4 27.
Nf4 b4 28. Qe1 c5 29. b3 cxd4 30. Nxd4 Qc5+ 31. Kd1 Be4 32. Qg1 Qc8 33. f3 1-0

[Event "7. Lovsprings EMT Basis 3 1995"]
[Site "Ringsted"]
[Date "1995.03.31"]
[Round "4"]
[White "Hansen, Steen"]
[Black "Petersen, Torben William"]
[Result "0-1"]
[WhiteElo "1351"]
[BlackElo "1305"]
[PlyCount "60"]
[EventDate "1995.??.??"]

1. e4 d5 2. exd5 Qxd5 3. Nc3 Qa5 4. d4 Bf5 5. Bd2 c6 6. Bc4 e6 7. h3 Nf6 8.
Nge2 Be7 9. a3 Nbd7 10. Bb3 Qc7 11. Bf4 Bd6 12. Qd2 Nb6 13. Bg5 Be7 14. O-O
O-O-O 15. Qe1 h6 16. Be3 g5 17. Ng3 g4 18. Nxf5 exf5 19. hxg4 Nxg4 20. g3 Bg5
21. f4 Bf6 22. Rd1 h5 23. d5 Bxc3 24. bxc3 Nxd5 25. Bxd5 Rxd5 26. Bd4 Rg8 27.
c4 Rdd8 28. Kg2 c5 29. Be5 Qc6+ 30. Rf3 Rxd1 0-1

[Event "7. Lovsprings EMT Basis 3 1995"]
[Site "Ringsted"]
[Date "1995.03.31"]
[Round "4"]
[White "Jensen, Finn Anker"]
[Black "Kristensen, Benny"]
[Result "1-0"]
[WhiteElo "1269"]
[BlackElo "1385"]
[PlyCount "95"]
[EventDate "1995.??.??"]

1. c4 Nf6 2. Nc3 e6 3. a3 d5 4. d4 Be7 5. Nf3 O-O 6. e3 c5 7. cxd5 cxd4 8. Nxd4
Nxd5 9. Nxd5 Qxd5 10. Qf3 Qxf3 11. Nxf3 Rd8 12. Be2 b6 13. O-O Bb7 14. Nd4 Na6
15. b4 Rac8 16. Bb2 Bf6 17. Bf3 Bxf3 18. gxf3 e5 19. Nf5 Rc2 20. Rab1 Nc7 21.
f4 exf4 22. Bxf6 gxf6 23. e4 Ne6 24. Ne7+ Kh8 25. Rbc1 Re2 26. Rfe1 Nd4 27. Kf1
Rxe1+ 28. Kxe1 Nf3+ 29. Ke2 Nxh2 30. f3 Rd7 31. Nf5 Rd8 32. Rc7 Kg8 33. Nh6+
Kg7 34. Nxf7 Rd4 35. Ng5+ Kg6 36. Ne6 Nxf3 37. Nf8+ Kh5 38. Kxf3 Rd3+ 39. Kxf4
h6 40. Rxa7 Rb3 41. Nd7 Kg6 42. Nxb6 Rb1 43. Nd5 Rf1+ 44. Ke3 Re1+ 45. Kf3 h5
46. b5 h4 47. b6 Rg1 48. Ra8 1-0

[Event "7. Lovsprings EMT Basis 3 1995"]
[Site "Ringsted"]
[Date "1995.03.31"]
[Round "4"]
[White "Nielsen, Kurt"]
[Black "Jorgensen, Morten"]
[Result "0-1"]
[WhiteElo "1393"]
[BlackElo "1251"]
[PlyCount "90"]
[EventDate "1995.??.??"]

1. Nf3 Nf6 2. c4 c5 3. b3 g6 4. Bb2 Bg7 5. g3 O-O 6. Bg2 d6 7. O-O Nc6 8. Nc3
Re8 9. Nd5 e6 10. Nxf6+ Bxf6 11. Qc1 e5 12. e3 Bg7 13. Qc3 Qe7 14. Ne1 f5 15.
f4 exf4 16. Qxg7+ Qxg7 17. Bxg7 Kxg7 18. Rxf4 Rb8 19. Nd3 Ne5 20. Bf1 Bd7 21.
Nxe5 dxe5 22. Rf2 Bc6 23. a4 Rbd8 24. d3 e4 25. Rd2 exd3 26. Re1 Be4 27. Kf2
Rd7 28. Bg2 Rde7 29. Bf1 Rd7 30. Bg2 b6 31. h3 h6 32. Bxe4 fxe4 33. g4 Rf7+ 34.
Kg2 Ref8 35. Ra1 Rf3 36. Re1 g5 37. Ra2 Kg6 38. a5 h5 39. axb6 axb6 40. Rh1
Rxe3 41. Rf2 Ref3 42. Rhf1 d2 43. Rxf3 Rxf3 44. Rd1 Rd3 45. Kf2 e3+ 0-1

[Event "7. Lovsprings EMT Basis 3 1995"]
[Site "Ringsted"]
[Date "1995.03.31"]
[Round "4"]
[White "Paustian, Dennis"]
[Black "Larsen, Ole"]
[Result "1/2-1/2"]
[WhiteElo "1526"]
[BlackElo "1387"]
[PlyCount "67"]
[EventDate "1995.??.??"]

1. e4 c5 2. Nf3 Nc6 3. d4 cxd4 4. Nxd4 e5 5. Nb5 a6 6. Nd6+ Bxd6 7. Qxd6 Qf6 8.
Qd1 Qe7 9. Nc3 Nd4 10. Nd5 Qd8 11. c3 Ne6 12. Be3 d6 13. Bb6 Qd7 14. Bc4 Ne7
15. Bb3 O-O 16. Ba4 Nc6 17. h4 f5 18. exf5 Rxf5 19. Bc2 Rf8 20. Qd3 g6 21.
O-O-O Na7 22. Be3 Nc5 23. Qc4 Qf7 24. Bxc5 dxc5 25. Qxc5 Be6 26. Ne7+ Kg7 27.
Qxe5+ Qf6 28. Qxf6+ Rxf6 29. h5 Rxf2 30. hxg6 hxg6 31. a3 Rxg2 32. Rdg1 Rxg1+
33. Rxg1 g5 34. Be4 1/2-1/2

[Event "7. Lovsprings EMT Basis 3 1995"]
[Site "Ringsted"]
[Date "1995.03.31"]
[Round "4"]
[White "Svava, Mogens"]
[Black "Hagen, Flemming"]
[Result "1-0"]
[WhiteElo "1518"]
[BlackElo "1459"]
[PlyCount "107"]
[EventDate "1995.??.??"]

1. Nf3 f5 2. d4 e6 3. Bg5 Be7 4. Qc1 h6 5. Bxe7 Nxe7 6. e3 O-O 7. Be2 b6 8.
Nbd2 Bb7 9. b4 d6 10. b5 g5 11. O-O Ng6 12. c4 Nd7 13. Rd1 g4 14. Ne1 Qg5 15.
f4 Qe7 16. Nb3 a5 17. a4 Rac8 18. Qd2 Nf6 19. Qb2 c5 20. bxc6 Rxc6 21. Rab1 Rc7
22. Nd2 Nd7 23. Rdc1 e5 24. fxe5 dxe5 25. d5 Qc5 26. Nc2 Ba6 27. Nb3 Qe7 28.
Nd2 Qg5 29. Qb3 Rc5 30. Ne1 h5 31. Rc3 h4 32. Qd1 Rfc8 33. Rbc1 e4 34. Nb3 Rxc4
35. Bxc4 Rxc4 36. Nd4 Rxc3 37. Rxc3 f4 38. Ne6 Qf6 39. Qd4 Qxd4 40. Nxd4 Nc5
41. Ne6 Nxe6 42. dxe6 g3 43. hxg3 hxg3 44. exf4 Nxf4 45. Rxg3+ Kf8 46. Rb3 Nd5
47. Nc2 Ke7 48. Kf2 Bc4 49. Rb2 Kxe6 50. Ne3 Nb4 51. Nxc4 Nd3+ 52. Ke3 Nxb2 53.
Nxb2 Kd5 54. g4 1-0

[Event "7. Lovsprings EMT Basis 3 1995"]
[Site "Ringsted"]
[Date "1995.04.28"]
[Round "5"]
[White "Andersson, Martin"]
[Black "Andersen, Kim"]
[Result "0-1"]
[WhiteElo "1384"]
[BlackElo "1331"]
[PlyCount "70"]
[EventDate "1995.??.??"]

1. e4 e6 2. d4 d5 3. Bd3 dxe4 4. Bxe4 Nf6 5. f3 Nxe4 6. fxe4 Qh4+ 7. Kf1 Qxe4
8. Nf3 Be7 9. Nbd2 Qf5 10. Ke2 Nc6 11. Rf1 Qg4 12. c3 Qxg2+ 13. Rf2 Qg6 14. Qf1
f6 15. Rg2 Qf7 16. Qg1 g5 17. Rf2 Rg8 18. Ne4 f5 19. Ned2 g4 20. Ne1 Qh5 21.
Kd3 Bd7 22. Kc2 Bg5 23. Nd3 Be3 24. Nc4 Bxf2 25. Qxf2 O-O-O 26. Bf4 Ne7 27. d5
Kb8 28. Bxc7+ Ka8 29. Nb6+ axb6 30. Qxb6 Nc8 31. Qa5+ Na7 32. Bxd8 Qxh2+ 33.
Kb3 exd5 34. Qxd5 Rxd8 35. Nc5 Ba4+ 0-1

[Event "7. Lovsprings EMT Basis 3 1995"]
[Site "Ringsted"]
[Date "1995.04.28"]
[Round "5"]
[White "Brogger, Jesper"]
[Black "Larsen, Ole"]
[Result "1/2-1/2"]
[WhiteElo "1502"]
[BlackElo "1387"]
[PlyCount "61"]
[EventDate "1995.??.??"]

1. c4 c6 2. e4 g6 3. d4 Bg7 4. Nf3 d6 5. Be2 Nf6 6. Nc3 O-O 7. O-O Nbd7 8. Be3
Re8 9. Qc2 e5 10. Rad1 Qe7 11. d5 c5 12. Nd2 Nb6 13. f3 Rf8 14. a3 Nbd7 15. b4
b6 16. Rb1 Ne8 17. Bd3 Nc7 18. Ne2 Bf6 19. Rf2 Bg5 20. Nf1 Bxe3 21. Nxe3 Qg5
22. Nf1 Nf6 23. f4 exf4 24. Nxf4 Ng4 25. Nh3 Qe5 26. Rf3 Qd4+ 27. Kh1 Ne5 28.
Rg3 Nxd3 29. Qxd3 Qe5 30. Qe3 f5 31. exf5 1/2-1/2

[Event "7. Lovsprings EMT Basis 3 1995"]
[Site "Ringsted"]
[Date "1995.04.28"]
[Round "5"]
[White "Danielsen, Laurits"]
[Black "Nielsen, Kurt"]
[Result "1-0"]
[WhiteElo "1211"]
[BlackElo "1393"]
[PlyCount "95"]
[EventDate "1995.??.??"]

1. e4 c6 2. d4 d5 3. e5 Bf5 4. Be3 e6 5. Bd3 Bg6 6. Bxg6 hxg6 7. Nf3 Qb6 8. b3
Ne7 9. O-O Nf5 10. Qd3 Nxe3 11. Qxe3 Nd7 12. c3 c5 13. Nbd2 cxd4 14. cxd4 Ba3
15. Nb1 Bb2 16. Nc3 Bxa1 17. Rxa1 Rc8 18. Rc1 Qc6 19. Ne2 Nc5 20. Rxc5 Qd7 21.
Rxc8+ Qxc8 22. Nc3 a6 23. a4 O-O 24. g3 Qc7 25. Kg2 Rc8 26. Ne2 Qa5 27. Ng5 Qb4
28. Qf4 Rc7 29. Qh4 Rc2 30. Qh7+ Kf8 31. Nf4 Qd2 32. Nfxe6+ fxe6 33. Qh8+ Ke7
34. Qxg7+ Kd8 35. Nxe6+ Kc8 36. Qf8+ Kd7 37. Qd6+ Ke8 38. Ng7+ Kf7 39. Qf6+ Kg8
40. Ne8 Qh6 41. Qf3 Qd2 42. Nf6+ Kg7 43. Ne8+ Kh6 44. Qf8+ Kh5 45. Ng7+ Kg5 46.
Ne6+ Kh5 47. Qf6 g5 48. Ng7+ 1-0

[Event "7. Lovsprings EMT Basis 3 1995"]
[Site "Ringsted"]
[Date "1995.04.28"]
[Round "5"]
[White "Hansen, Ole"]
[Black "Hagen, Flemming"]
[Result "1-0"]
[WhiteElo "1457"]
[BlackElo "1459"]
[PlyCount "99"]
[EventDate "1995.??.??"]

1. d4 f5 2. Nf3 Nf6 3. c4 e6 4. Bg5 Be7 5. Nc3 d6 6. e3 Nbd7 7. Bd3 h6 8. Bf4
O-O 9. h4 Nh5 10. Bh2 Ndf6 11. Qc2 Ng4 12. O-O-O Bxh4 13. Bxd6 Bxf2 14. Bxf8
Bxe3+ 15. Kb1 Nf2 16. Rxh5 Nxd1 17. Nxd1 Bxd4 18. Bb4 a5 19. Nxd4 Qxd4 20. Bc3
Qg4 21. Qe2 Qxe2 22. Bxe2 Bd7 23. g4 Re8 24. g5 hxg5 25. Rxg5 e5 26. Bd3 g6 27.
Rxg6+ Kf7 28. Rg1 b6 29. Be2 Re7 30. Ne3 f4 31. Ng4 Bxg4 32. Rxg4 Ke6 33. Bf3
Kf5 34. Bd2 Rd7 35. Rg2 Re7 36. Re2 e4 37. Be1 Re6 38. Bxe4+ Rxe4 39. Rxe4 Kxe4
40. c5 Ke3 41. cxb6 cxb6 42. Kc2 Ke2 43. Bh4 f3 44. Kc3 f2 45. Bxf2 Kxf2 46.
Kc4 Ke3 47. Kb5 Kd3 48. Kxb6 Kc2 49. Kxa5 Kxb2 50. a4 1-0

[Event "7. Lovsprings EMT Basis 3 1995"]
[Site "Ringsted"]
[Date "1995.04.28"]
[Round "5"]
[White "Jensen, Finn Anker"]
[Black "Jorgensen, Morten"]
[Result "1/2-1/2"]
[WhiteElo "1269"]
[BlackElo "1251"]
[PlyCount "78"]
[EventDate "1995.??.??"]

1. c4 Nf6 2. d4 g6 3. Nf3 Bg7 4. g3 O-O 5. Bg2 d6 6. Nc3 Nbd7 7. O-O c5 8. dxc5
Nxc5 9. b4 Nce4 10. Bb2 Nxc3 11. Bxc3 Qc7 12. Nd2 Rb8 13. a4 Be6 14. Rc1 Rfc8
15. Bxf6 Bxf6 16. Ne4 Bg7 17. Nd2 Qd7 18. f4 Bd4+ 19. Kh1 Bh3 20. Nf3 Bxg2+ 21.
Kxg2 Bg7 22. Qb3 Qe6 23. Rc2 h6 24. Rd1 Rc6 25. Nd4 Qe4+ 26. Qf3 Qxf3+ 27. Kxf3
Bxd4 28. Rxd4 Rbc8 29. e4 e5 30. fxe5 dxe5 31. Rd7 R6c7 32. Rxc7 Rxc7 33. c5
Rd7 34. c6 bxc6 35. Rxc6 Rd4 36. Rc8+ Kg7 37. Rc7 Rxb4 38. Rxa7 Rb3+ 39. Kg4
Rb4 1/2-1/2

[Event "7. Lovsprings EMT Basis 3 1995"]
[Site "Ringsted"]
[Date "1995.04.28"]
[Round "5"]
[White "Krag Jacobsen, Alan"]
[Black "Lassur, Benjamin"]
[Result "1-0"]
[WhiteElo "1247"]
[BlackElo "1364"]
[PlyCount "55"]
[EventDate "1995.??.??"]

1. b3 e5 2. Bb2 Nc6 3. e3 d6 4. g3 Be7 5. Bg2 Nf6 6. h3 Bf5 7. d3 Qd7 8. Nd2 h5
9. Ne2 g5 10. a3 Be6 11. d4 Nd5 12. e4 Nb6 13. d5 Nd8 14. dxe6 Nxe6 15. Nf3 f6
16. Qd2 Rd8 17. c4 Kf7 18. Nc3 c6 19. O-O-O c5 20. Nd5 Nxd5 21. exd5 Nd4 22.
Nxd4 cxd4 23. f4 gxf4 24. gxf4 b5 25. Bf1 bxc4 26. Bxc4 Qb7 27. Kb1 Rb8 28.
fxe5 1-0

[Event "7. Lovsprings EMT Basis 3 1995"]
[Site "Ringsted"]
[Date "1995.04.28"]
[Round "5"]
[White "Paustian, Dennis"]
[Black "Svava, Mogens"]
[Result "1/2-1/2"]
[WhiteElo "1526"]
[BlackElo "1518"]
[PlyCount "61"]
[EventDate "1995.??.??"]

1. e4 c5 2. Nf3 Nc6 3. d4 cxd4 4. Nxd4 e5 5. Nb5 d6 6. N1c3 a6 7. Na3 h6 8. Nd5
Nf6 9. Nxf6+ Qxf6 10. c3 b5 11. Nc2 Bb7 12. Ne3 Qd8 13. Nd5 Ne7 14. c4 bxc4 15.
Bxc4 Nxd5 16. Bxd5 Bxd5 17. Qxd5 Qc8 18. O-O Rb8 19. b3 Rb5 20. Qd3 Qb7 21. Rd1
Be7 22. Be3 O-O 23. Rac1 Rd8 24. Qc4 Rb4 25. Qc7 Kf8 26. Qxb7 Rxb7 27. Rc6 Ra8
28. Rdc1 Rd7 29. Rc8+ Rd8 30. Rxa8 Rxa8 31. Kf1 1/2-1/2

[Event "7. Lovsprings EMT Basis 3 1995"]
[Site "Ringsted"]
[Date "1995.04.28"]
[Round "5"]
[White "Petersen, Torben William"]
[Black "Kristensen, Benny"]
[Result "1-0"]
[WhiteElo "1305"]
[BlackElo "1385"]
[PlyCount "53"]
[EventDate "1995.??.??"]

1. d4 Nf6 2. Nf3 e6 3. e3 d5 4. Bd3 Be7 5. Nbd2 Nbd7 6. Qe2 c5 7. c3 O-O 8. O-O
b6 9. e4 dxe4 10. Nxe4 Bb7 11. Neg5 Rc8 12. Ne5 Nxe5 13. dxe5 Qd5 14. f4 c4 15.
Bc2 Bc5+ 16. Kh1 h6 17. exf6 hxg5 18. fxg7 Kxg7 19. fxg5 Rh8 20. Bf4 Rxh2+ 21.
Bxh2 Rh8 22. Qf3 Qd7 23. Qf6+ Kg8 24. Rad1 Bd5 25. Be4 Qc7 26. Qxh8+ Kxh8 27.
Bxc7 1-0

[Event "7. Lovsprings EMT Basis 3 1995"]
[Site "Ringsted"]
[Date "1995.05.05"]
[Round "6"]
[White "Andersen, Kim"]
[Black "Larsen, Ole"]
[Result "1/2-1/2"]
[WhiteElo "1331"]
[BlackElo "1387"]
[PlyCount "62"]
[EventDate "1995.??.??"]

1. e4 e5 2. Nf3 Nc6 3. Bb5 d6 4. Bxc6+ bxc6 5. O-O Nf6 6. d3 h6 7. h3 Be7 8.
Nc3 O-O 9. d4 exd4 10. Nxd4 Bb7 11. Re1 Nd7 12. Bf4 Bf6 13. Qd2 Kh7 14. Nf5 g5
15. Be3 Rg8 16. f3 Ne5 17. b3 Rg6 18. Kf2 h5 19. g4 h4 20. f4 gxf4 21. Bxf4 Bc8
22. Rg1 Bxf5 23. exf5 Rg8 24. g5 Be7 25. f6 Bf8 26. Qe2 Rg6 27. Qh5+ Kg8 28.
Rae1 Qd7 29. Qxh4 Qf5 30. Re2 Re8 31. Rg3 d5 1/2-1/2

[Event "7. Lovsprings EMT Basis 3 1995"]
[Site "Ringsted"]
[Date "1995.05.05"]
[Round "6"]
[White "Andersson, Martin"]
[Black "Jorgensen, Morten"]
[Result "0-1"]
[WhiteElo "1384"]
[BlackElo "1251"]
[PlyCount "68"]
[EventDate "1995.??.??"]

1. e4 c5 2. Nf3 d6 3. d4 cxd4 4. Nxd4 Nf6 5. Nc3 a6 6. Be3 Nc6 7. Bd3 e6 8. O-O
Be7 9. Qe2 O-O 10. Rad1 Qc7 11. Nb3 b5 12. a3 Bb7 13. f3 Rac8 14. Qf2 Ne5 15.
Be2 Nc4 16. Bxc4 bxc4 17. Bb6 Qb8 18. Na5 Ba8 19. Na4 Bc6 20. Nc3 Ba8 21. Rb1
Bd8 22. Bxd8 Rfxd8 23. Na4 Qb5 24. Nxc4 Rxc4 25. Nb6 Rc6 26. Nxa8 Rxa8 27. Qd2
Rac8 28. c3 d5 29. e5 Nd7 30. Qg5 Qc5+ 31. Rf2 d4 32. cxd4 Qxd4 33. Re1 Rc2 34.
Kf1 Qxf2# 0-1

[Event "7. Lovsprings EMT Basis 3 1995"]
[Site "Ringsted"]
[Date "1995.05.05"]
[Round "6"]
[White "Krag Jacobsen, Alan"]
[Black "Jensen, Finn Anker"]
[Result "1-0"]
[WhiteElo "1247"]
[BlackElo "1269"]
[PlyCount "91"]
[EventDate "1995.??.??"]

1. d4 Nf6 2. Nf3 g6 3. c4 Bg7 4. Nc3 d6 5. e4 O-O 6. Be2 a6 7. O-O c6 8. a3
Nbd7 9. Ne1 e5 10. d5 Nc5 11. f3 h5 12. b4 Ncd7 13. Be3 Kh7 14. Qd2 Ng8 15. f4
Bh6 16. dxc6 bxc6 17. Qxd6 exf4 18. Bxf4 Bxf4 19. Rxf4 Qb6+ 20. c5 Qb7 21. e5
Nh6 22. Bd3 Kg7 23. Be4 Nb8 24. Bxg6 Be6 25. Bxh5 Nd7 26. Bf3 Nf5 27. Rg4+ Kh8
28. Qxc6 Qxc6 29. Bxc6 Nxe5 30. Bxa8 Nxg4 31. Bb7 Bc4 32. Nd5 Rd8 33. Nb6 Be6
34. Bxa6 Nge3 35. Bb7 Nd4 36. Bf3 Rg8 37. Kf2 Nxf3 38. Kxe3 Nxh2 39. Nf3 Rxg2
40. Rh1 Rg3 41. Rxh2+ Kg7 42. Kf2 Rg6 43. Rg2 Bg4 44. Ne5 Bf5 45. Nxg6 fxg6 46.
c6 1-0

[Event "7. Lovsprings EMT Basis 3 1995"]
[Site "Ringsted"]
[Date "1995.05.05"]
[Round "6"]
[White "Paustian, Dennis"]
[Black "Frederiksen, Jesper"]
[Result "1-0"]
[WhiteElo "1526"]
[BlackElo "1502"]
[PlyCount "75"]
[EventDate "1995.??.??"]

1. e4 e6 2. d4 d5 3. exd5 exd5 4. Nf3 Bd6 5. Bd3 c6 6. Be3 Bg4 7. Nbd2 Ne7 8.
c3 h6 9. Qc2 Nd7 10. Nh4 Qc7 11. h3 Be6 12. Nf5 Nxf5 13. Bxf5 O-O-O 14. Bxe6
fxe6 15. O-O-O e5 16. dxe5 Bxe5 17. Qa4 a6 18. Nb3 Rhf8 19. Nc5 Nxc5 20. Bxc5
Rf4 21. Qb3 b5 22. Rhe1 Rc4 23. Bd4 Re8 24. Qc2 Kd8 25. b3 Rxd4 26. cxd4 Bf4+
27. Kb1 Rf8 28. Re6 Bd6 29. Rc1 Kd7 30. Rg6 Rf7 31. Re1 Kc8 32. Ree6 Rd7 33.
Qe2 Kb7 34. Qg4 c5 35. Rxd6 Qxd6 36. Rxd6 Rxd6 37. Qxg7+ Kc6 38. Qa7 1-0

[Event "7. Lovsprings EMT Basis 3 1995"]
[Site "Ringsted"]
[Date "1995.05.05"]
[Round "6"]
[White "Svava, Mogens"]
[Black "Hansen, Ole"]
[Result "1-0"]
[WhiteElo "1518"]
[BlackElo "1457"]
[PlyCount "87"]
[EventDate "1995.??.??"]

1. Nf3 d5 2. d4 Nf6 3. h3 Bf5 4. Bf4 e6 5. e3 c5 6. c3 Nbd7 7. Nbd2 cxd4 8.
Nxd4 Bg6 9. N2f3 Nc5 10. Bb5+ Nfd7 11. Ne5 a6 12. Nxg6 hxg6 13. Bxd7+ Qxd7 14.
Qc2 Be7 15. Nf3 Qb5 16. Rd1 Ne4 17. Nd4 Qc4 18. a3 g5 19. Bh2 g4 20. Ne2 gxh3
21. g3 Bf6 22. O-O b5 23. Kh1 Qc6 24. f3 Ng5 25. Nd4 Qb7 26. Qd3 g6 27. Nb3 Rc8
28. Nd2 a5 29. e4 dxe4 30. Nxe4 Nxe4 31. fxe4 Rd8 32. Qf3 Rxd1 33. Rxd1 b4 34.
axb4 axb4 35. Rd3 Be5 36. g4 Bxh2 37. Kxh2 bxc3 38. bxc3 Qb2+ 39. Kh1 Ke7 40.
e5 Qc1+ 41. Rd1 Qg5 42. Qe4 Rh4 43. Qb4+ Ke8 44. Qb8+ 1-0

[Event "7. Lovsprings EMT Basis 3 1995"]
[Site "Ringsted"]
[Date "1995.05.19"]
[Round "7"]
[White "Kristensen, Benny"]
[Black "Hagen, Flemming"]
[Result "1-0"]
[WhiteElo "1385"]
[BlackElo "1459"]
[PlyCount "91"]
[EventDate "1995.??.??"]

1. e4 e5 2. Nf3 Nc6 3. Bb5 a6 4. Ba4 Nf6 5. O-O Be7 6. Bxc6 dxc6 7. Nxe5 Bd6 8.
Nf3 O-O 9. e5 Bg4 10. exd6 Qxd6 11. Nc3 Rfe8 12. d3 h6 13. Ne2 Bxf3 14. gxf3
Nh5 15. Ng3 Nf4 16. Bxf4 Qxf4 17. Qc1 Qxf3 18. Re1 f5 19. Re3 Qg4 20. Rxe8+
Rxe8 21. Qd1 Qxd1+ 22. Rxd1 g6 23. Kf1 Kf7 24. Re1 Rd8 25. Ke2 Rd4 26. Kf3 Rh4
27. Kg2 b6 28. c3 c5 29. b3 c6 30. f3 a5 31. Rd1 a4 32. d4 axb3 33. axb3 cxd4
34. Rxd4 Rxd4 35. cxd4 Ke6 36. Kf2 Kd5 37. Ne2 g5 38. Ke3 b5 39. Kd3 b4 40. Ng3
f4 41. Ne4 Ke6 42. Kc4 Kf5 43. Nf2 h5 44. h3 Ke6 45. Kc5 g4 46. hxg4 1-0